| 000 | 00370nam a22001457a 4500 | ||
|---|---|---|---|
| 080 | _a342.72/73 C 629 | ||
| 245 | _aConvencion y Protocolo sobre el Estatuto de los Refugiados | ||
| 260 |
_aNaciones Unidas _c1970 |
||
| 300 | _a46 P. | ||
| 650 | _xderechos humanos | ||
| 650 | _xrefugiados | ||
| 650 | _xestatuto de refugiados | ||
| 945 |
_acd _d2015-11-09 |
||
| 999 |
_c4220 _d234724 |
||
| 942 | _6_ | ||